কলকাতার চালচিত্র / (Record no. 102496)
[ view plain ]
| 000 -LEADER | |
|---|---|
| fixed length control field | 00638nam a22001937a 4500 |
| 003 - CONTROL NUMBER IDENTIFIER | |
| control field | BD-DhUL |
| 005 - DATE AND TIME OF LATEST TRANSACTION | |
| control field | 20160829170638.0 |
| 008 - FIXED-LENGTH DATA ELEMENTS--GENERAL INFORMATION | |
| fixed length control field | 160829s1983 bg ||||| |||| 00| 0 ben |
| 040 ## - CATALOGING SOURCE | |
| Original cataloging agency | BD-DhUL |
| Transcribing agency | BD-DhUL |
| 082 ## - DEWEY DECIMAL CLASSIFICATION NUMBER | |
| Classification number | 915.4142 |
| Item number | ATK |
| 100 1# - MAIN ENTRY--PERSONAL NAME | |
| Personal name | অতুল সুর |
| 245 10 - TITLE STATEMENT | |
| Title | কলকাতার চালচিত্র / |
| Statement of responsibility, etc. | অতুল সুর |
| 260 ## - PUBLICATION, DISTRIBUTION, ETC. (IMPRINT) | |
| Place of publication, distribution, etc. | কলিকাতা : |
| Name of publisher, distributor, etc. | সাহিত্যলোক, |
| Date of publication, distribution, etc. | ১৯৮৩ |
| 300 ## - PHYSICAL DESCRIPTION | |
| Extent | ১৫৯ পৃ. ; |
| Dimensions | ২২ সেমি. |
| 365 ## - TRADE PRICE | |
| Price type code | IRs |
| Price amount | 15 |
| 650 #0 - SUBJECT ADDED ENTRY--TOPICAL TERM | |
| Topical term or geographic name as entry element | কলকাতার - ইতিহাস |
| 650 #0 - SUBJECT ADDED ENTRY--TOPICAL TERM | |
| Topical term or geographic name as entry element | Kolkata - History |
| 942 ## - ADDED ENTRY ELEMENTS (KOHA) | |
| Source of classification or shelving scheme | |
| Koha item type | Books |
| Price effective from | Date last seen | Permanent Location | Not for loan | Date acquired | Source of classification or shelving scheme | Koha item type | Lost status | Withdrawn status | Copy number | Source of acquisition | Collection code | Damaged status | Shelving location | Barcode | Current Location | Full call number |
|---|---|---|---|---|---|---|---|---|---|---|---|---|---|---|---|---|
| 2016-08-29 | 2016-08-29 | Dhaka University Library | 1984-03-08 | Books | 1 | Purchased | Non Fiction | General Stacks | A256620 | Dhaka University Library | 915.4142 ATK | |||||
| 2016-08-29 | 2016-08-29 | Dhaka University Library | 1984-03-08 | Books | 2 | Purchased | Non Fiction | General Stacks | A256621 | Dhaka University Library | 915.4142 ATK | |||||
| 2016-08-29 | 2016-08-29 | Dhaka University Library | 1984-03-08 | Books | 3 | Purchased | Non Fiction | General Stacks | A256622 | Dhaka University Library | 915.4142 ATK |
